[Event "DVM U16w 2023"]
[Site "Magdeburg GER"]
[Date "2023.12.30"]
[Round "7"]
[White "Le, Thao-Linh"]
[Black "Amelang, Jamie Alice"]
[Result "1-0"]
[Termination "normal"]
[Board "2.4"]
[WhiteElo "1184"]
[BlackElo "1322"]
[WhiteClock "00:49:35"]
[BlackClock "00:06:05"]
[WhiteTeam "TSG Oberschöneweide"]
[BlackTeam "SG Leipzig"]
[PlyCount "101"]
[WhiteFideId "16279131"]
[BlackFideId "34605754"]
[EventCountry "GER"]
[EventRounds "7"]
[EventType "team-swiss"]
[EventDate "2023.12.26"]

1. e4 {[%clk 01:31:00]} {[%emt 13:36:44]} e5 {[%clk 01:30:55]} {[%emt
00:00:05]} 2. Nf3 {[%clk 01:31:26]} {[%emt 00:00:04]} Nc6 {[%clk 01:31:18]}
{[%emt 00:00:07]} 3. Nc3 {[%clk 01:31:48]} {[%emt 00:00:08]} Nf6 {[%clk
01:31:34]} {[%emt 00:00:13]} 4. d4 {[%clk 01:32:07]} {[%emt 00:00:12]} exd4
{[%clk 01:28:28]} {[%emt 00:03:37]} 5. Nxd4 {[%clk 01:32:22]} {[%emt 00:00:14]}
Bb4 {[%clk 01:22:27]} {[%emt 00:06:32]} 6. Nxc6 {[%clk 01:31:59]} {[%emt
00:00:53]} bxc6 {[%clk 01:20:58]} {[%emt 00:01:59]} 7. Bd3 {[%clk 01:31:50]}
{[%emt 00:00:38]} h6 {[%clk 01:20:04]} {[%emt 00:01:25]} 8. O-O {[%clk
01:31:05]} {[%emt 00:01:15]} d6 {[%clk 01:19:23]} {[%emt 00:01:11]} 9. h3
{[%clk 01:27:19]} {[%emt 00:04:16]} O-O {[%clk 01:19:25]} {[%emt 00:00:27]} 10.
Qf3 {[%clk 01:26:21]} {[%emt 00:01:28]} Bd7 {[%clk 01:08:16]} {[%emt 00:11:38]}
11. Bf4 {[%clk 01:24:33]} {[%emt 00:02:19]} Re8 {[%clk 01:03:54]} {[%emt
00:04:50]} 12. Rfe1 {[%clk 01:21:49]} {[%emt 00:03:16]} Kh8 {[%clk 00:45:06]}
{[%emt 00:19:19]} 13. Bc4 {[%clk 01:04:06]} {[%emt 00:18:13]} Be6 {[%clk
00:43:06]} {[%emt 00:02:29]} 14. Bxe6 {[%clk 01:03:44]} {[%emt 00:00:53]} Rxe6
{[%clk 00:43:17]} {[%emt 00:00:18]} 15. Rad1 {[%clk 01:02:12]} {[%emt
00:02:02]} Qe8 {[%clk 00:42:09]} {[%emt 00:01:38]} 16. Rd3 {[%clk 00:54:52]}
{[%emt 00:07:50]} Bxc3 {[%emt 00:04:10]} 17. Rxc3 {[%clk 00:55:12]} {[%emt
00:00:08]} Nxe4 {[%clk 00:37:44]} {[%emt 00:01:17]} 18. Rce3 {[%clk 00:55:07]}
{[%emt 00:00:34]} Nf6 {[%clk 00:36:08]} {[%emt 00:02:07]} 19. Rxe6 {[%clk
00:52:19]} {[%emt 00:03:18]} fxe6 {[%clk 00:35:54]} {[%emt 00:00:44]} 20. Bxh6
{[%clk 00:52:38]} {[%emt 00:00:11]} d5 {[%clk 00:31:48]} {[%emt 00:04:36]} 21.
Bg5 {[%clk 00:51:42]} {[%emt 00:01:27]} Ne4 {[%emt 00:04:21]} 22. Bh4 {[%clk
00:48:23]} {[%emt 00:03:47]} Qg6 {[%clk 00:24:42]} {[%emt 00:03:41]} 23. Qf4
{[%clk 00:46:39]} {[%emt 00:02:19]} Rc8 {[%clk 00:20:36]} {[%emt 00:04:14]} 24.
f3 {[%clk 00:46:22]} {[%emt 00:01:09]} Re8 {[%clk 00:15:47]} {[%emt 00:05:19]}
25. fxe4 {[%clk 00:46:00]} {[%emt 00:00:52]} dxe4 {[%clk 00:15:58]} {[%emt
00:00:18]} 26. Qxe4 {[%clk 00:46:11]} {[%emt 00:00:20]} Qh5 {[%clk 00:08:31]}
{[%emt 00:07:57]} 27. Qxc6 {[%clk 00:46:13]} {[%emt 00:00:28]} Rf8 {[%clk
00:07:37]} {[%emt 00:01:20]} 28. Bg3 {[%clk 00:46:03]} {[%emt 00:00:44]} Qf5
{[%clk 00:06:37]} {[%emt 00:01:27]} 29. Qxc7 {[%clk 00:44:39]} {[%emt
00:01:57]} Rf7 {[%clk 00:06:33]} {[%emt 00:00:34]} 30. Qc8+ {[%clk 00:44:16]}
{[%emt 00:00:53]} Kh7 {[%clk 00:06:32]} {[%emt 00:00:31]} 31. Qxe6 {[%clk
00:44:10]} {[%emt 00:00:36]} Qc5+ {[%clk 00:04:26]} {[%emt 00:02:36]} 32. Qe3
{[%clk 00:44:06]} {[%emt 00:00:33]} Qf5 {[%clk 00:04:40]} {[%emt 00:00:16]} 33.
Qe4 {[%clk 00:44:25]} {[%emt 00:00:11]} Qxe4 {[%clk 00:04:18]} {[%emt
00:00:53]} 34. Rxe4 {[%clk 00:44:46]} {[%emt 00:00:09]} Rb7 {[%clk 00:04:14]}
{[%emt 00:00:34]} 35. b3 {[%clk 00:45:00]} {[%emt 00:00:17]} Rf7 {[%clk
00:04:34]} {[%emt 00:00:09]} 36. c4 {[%clk 00:45:18]} {[%emt 00:00:12]} Kh6
{[%clk 00:04:39]} {[%emt 00:00:25]} 37. b4 {[%clk 00:45:33]} {[%emt 00:00:16]}
Kh7 {[%clk 00:04:59]} {[%emt 00:00:10]} 38. c5 {[%clk 00:45:54]} {[%emt
00:00:08]} Kg6 {[%clk 00:04:40]} {[%emt 00:00:48]} 39. c6 {[%clk 00:46:10]}
{[%emt 00:00:15]} Kh7 {[%clk 00:05:03]} {[%emt 00:00:07]} 40. c7 {[%clk
00:46:31]} {[%emt 00:00:09]} Rf8 {[%clk 00:05:14]} {[%emt 00:00:15]} 41. b5
{[%clk 00:46:44]} {[%emt 00:00:21]} Kg6 {[%clk 00:05:30]} {[%emt 00:00:14]} 42.
a4 {[%clk 00:47:08]} {[%emt 00:00:06]} Kh6 {[%clk 00:05:32]} {[%emt 00:00:27]}
43. a5 {[%clk 00:47:28]} {[%emt 00:00:11]} Kg6 {[%clk 00:05:57]} {[%emt
00:00:05]} 44. b6 {[%clk 00:47:49]} {[%emt 00:00:09]} axb6 {[%clk 00:06:22]}
{[%emt 00:00:05]} 45. axb6 {[%clk 00:48:13]} {[%emt 00:00:05]} Kh7 {[%clk
00:06:44]} {[%emt 00:00:08]} 46. b7 {[%clk 00:48:38]} {[%emt 00:00:05]} Kg6
{[%clk 00:07:04]} {[%emt 00:00:10]} 47. c8=Q {[%emt 00:00:10]} Rf5 {[%clk
00:06:12]} {[%emt 00:01:21]} 48. Qe6+ {[%clk 00:49:08]} {[%emt 00:00:21]} Rf6
{[%clk 00:06:28]} {[%emt 00:00:15]} 49. Rg4+ {[%clk 00:49:26]} {[%emt
00:00:12]} Kh5 {[%clk 00:06:13]} {[%emt 00:00:44]} 50. Qe5+ {[%clk 00:49:15]}
{[%emt 00:00:42]} Kh6 {[%clk 00:06:05]} {[%emt 00:00:35]} 51. Qg5+ {[%clk
00:49:35]} {[%emt 00:00:12]} 1-0

[Event "DVM U16w 2023"]
[Site "Magdeburg GER"]
[Date "2023.12.30"]
[Round "7"]
[White "Glowiak, Alexandra"]
[Black "Reich, Elisabeth"]
[Result "1/2-1/2"]
[Termination "normal"]
[Board "3.1"]
[WhiteElo "1730"]
[BlackElo "1573"]
[WhiteClock "00:03:30"]
[BlackClock "00:44:31"]
[WhiteTeam "Chemnitzer SC Aufbau95"]
[BlackTeam "ATSV Oberkotzau"]
[PlyCount "153"]
[WhiteFideId "16259530"]
[BlackFideId "16239776"]
[EventCountry "GER"]
[EventRounds "7"]
[EventType "team-swiss"]
[EventDate "2023.12.26"]

1. e4 {[%clk 01:30:58]} {[%emt 00:00:02]} c5 {[%clk 01:30:58]} {[%emt
00:00:03]} 2. Nf3 {[%clk 01:31:23]} {[%emt 00:00:05]} Nc6 {[%clk 01:31:22]}
{[%emt 00:00:06]} 3. d4 {[%clk 01:31:49]} {[%emt 00:00:03]} cxd4 {[%clk
01:31:48]} {[%emt 00:00:04]} 4. Nxd4 {[%clk 01:32:15]} {[%emt 00:00:05]} Nf6
{[%clk 01:32:13]} {[%emt 00:00:05]} 5. Nc3 {[%clk 01:32:40]} {[%emt 00:00:05]}
e6 {[%clk 01:32:37]} {[%emt 00:00:05]} 6. Ndb5 {[%clk 01:32:37]} {[%emt
00:00:33]} Bb4 {[%clk 01:32:57]} {[%emt 00:00:10]} 7. a3 {[%clk 01:33:01]}
{[%emt 00:00:07]} Bxc3+ {[%clk 01:33:10]} {[%emt 00:00:17]} 8. Nxc3 {[%clk
01:33:24]} {[%emt 00:00:06]} O-O {[%clk 01:32:55]} {[%emt 00:00:45]} 9. Bd3
{[%clk 01:25:01]} {[%emt 00:08:53]} h6 {[%clk 01:30:01]} {[%emt 00:03:25]} 10.
O-O {[%clk 01:24:47]} {[%emt 00:00:44]} d5 {[%clk 01:29:16]} {[%emt 00:01:14]}
11. exd5 {[%clk 01:21:21]} {[%emt 00:03:56]} Nxd5 {[%clk 01:29:30]} {[%emt
00:00:15]} 12. Nxd5 {[%clk 01:19:49]} {[%emt 00:02:03]} Qxd5 {[%clk 01:29:42]}
{[%emt 00:00:18]} 13. Be3 {[%clk 01:03:48]} {[%emt 00:16:31]} Rd8 {[%clk
01:27:05]} {[%emt 00:03:07]} 14. Qe2 {[%clk 01:01:56]} {[%emt 00:02:23]} Qa5
{[%clk 01:19:31]} {[%emt 00:08:01]} 15. b4 {[%clk 00:56:10]} {[%emt 00:06:18]}
Qc7 {[%clk 01:19:48]} {[%emt 00:00:11]} 16. Rad1 {[%clk 00:50:21]} {[%emt
00:06:21]} e5 {[%clk 01:16:09]} {[%emt 00:04:09]} 17. f4 {[%clk 00:36:52]}
{[%emt 00:14:00]} Re8 {[%clk 01:02:00]} {[%emt 00:14:38]} 18. Qf2 {[%clk
00:27:33]} {[%emt 00:09:50]} Bg4 {[%clk 00:59:20]} {[%emt 00:03:09]} 19. Rd2
{[%clk 00:26:19]} {[%emt 00:01:45]} e4 {[%clk 00:58:56]} {[%emt 00:00:53]} 20.
Be2 {[%clk 00:21:29]} {[%emt 00:05:21]} Bxe2 {[%clk 00:59:03]} {[%emt
00:00:21]} 21. Qxe2 {[%clk 00:21:22]} {[%emt 00:00:37]} f5 {[%clk 00:55:47]}
{[%emt 00:03:47]} 22. Rfd1 {[%clk 00:17:50]} {[%emt 00:04:03]} Qf7 {[%clk
00:45:49]} {[%emt 00:10:26]} 23. Rd5 {[%clk 00:14:37]} {[%emt 00:03:44]} b6
{[%clk 00:39:39]} {[%emt 00:06:41]} 24. c4 {[%clk 00:11:57]} {[%emt 00:03:09]}
Qf6 {[%clk 00:35:26]} {[%emt 00:04:43]} 25. c5 {[%clk 00:10:29]} {[%emt
00:01:58]} bxc5 {[%clk 00:35:36]} {[%emt 00:00:20]} 26. Qc4 {[%clk 00:08:41]}
{[%emt 00:02:18]} Qf7 {[%clk 00:32:10]} {[%emt 00:03:56]} 27. Qxc5 {[%clk
00:06:44]} {[%emt 00:02:26]} Ne7 {[%clk 00:31:44]} {[%emt 00:00:57]} 28. Re5
{[%clk 00:06:17]} {[%emt 00:00:56]} Qb3 {[%clk 00:28:43]} {[%emt 00:03:30]} 29.
Rf1 {[%clk 00:03:19]} {[%emt 00:03:31]} Rac8 {[%clk 00:28:28]} {[%emt
00:00:44]} 30. Qxa7 {[%clk 00:03:22]} {[%emt 00:00:26]} Ra8 {[%clk 00:27:27]}
{[%emt 00:01:30]} 31. Qc5 {[%clk 00:03:16]} {[%emt 00:00:38]} Rac8 {[%clk
00:27:45]} {[%emt 00:00:12]} 32. Qb6 {[%clk 00:02:46]} {[%emt 00:01:00]} Nd5
{[%clk 00:25:39]} {[%emt 00:02:36]} 33. Rxd5 {[%clk 00:01:35]} {[%emt
00:01:41]} Qxd5 {[%clk 00:26:08]} {[%emt 00:00:02]} 34. a4 {[%clk 00:01:00]}
{[%emt 00:01:04]} Rb8 {[%clk 00:26:30]} {[%emt 00:00:07]} 35. Qc5 {[%clk
00:01:22]} {[%emt 00:00:10]} Qb3 {[%clk 00:26:48]} {[%emt 00:00:10]} 36. b5
{[%clk 00:01:02]} {[%emt 00:00:51]} Qxa4 {[%clk 00:27:11]} {[%emt 00:00:06]}
37. b6 {[%clk 00:01:17]} {[%emt 00:00:16]} Qb3 {[%clk 00:26:29]} {[%emt
00:01:10]} 38. Re1 {[%clk 00:01:10]} {[%emt 00:00:40]} Qf7 {[%clk 00:26:01]}
{[%emt 00:00:57]} 39. Bd4 {[%clk 00:01:17]} {[%emt 00:00:23]} Rec8 {[%clk
00:25:29]} {[%emt 00:01:01]} 40. Qe5 {[%clk 00:00:48]} {[%emt 00:00:59]} Re8
{[%clk 00:24:34]} {[%emt 00:01:24]} 41. Qc7 {[%clk 00:23:19]} {[%emt 00:08:00]}
Rb7 {[%clk 00:53:08]} {[%emt 00:01:56]} 42. Qc6 {[%clk 00:15:01]} {[%emt
00:08:49]} Re6 {[%clk 00:50:58]} {[%emt 00:02:38]} 43. Qc8+ {[%clk 00:14:11]}
{[%emt 00:01:21]} Re8 {[%clk 00:51:16]} {[%emt 00:00:13]} 44. Qc6 {[%clk
00:13:57]} {[%emt 00:00:44]} Qd7 {[%clk 00:43:25]} {[%emt 00:08:20]} 45. Qxd7
{[%clk 00:12:03]} {[%emt 00:02:25]} Rxd7 {[%clk 00:43:54]} 46. Be5 {[%clk
00:12:14]} {[%emt 00:00:19]} Rb7 {[%clk 00:43:38]} {[%emt 00:00:45]} 47. Bc7
{[%clk 00:12:37]} {[%emt 00:00:08]} Re6 {[%clk 00:43:29]} {[%emt 00:00:38]} 48.
Rb1 {[%clk 00:10:30]} {[%emt 00:02:39]} Rc6 {[%clk 00:43:44]} {[%emt 00:00:12]}
49. Rb5 {[%clk 00:10:42]} {[%emt 00:00:19]} g6 {[%clk 00:43:26]} {[%emt
00:00:48]} 50. Ra5 {[%clk 00:07:34]} {[%emt 00:03:38]} Rcxc7 {[%clk 00:43:31]}
{[%emt 00:00:25]} 51. bxc7 {[%clk 00:07:49]} {[%emt 00:00:16]} Rxc7 {[%clk
00:44:00]} {[%emt 00:00:01]} 52. Re5 {[%clk 00:07:27]} {[%emt 00:00:52]} Kg7
{[%clk 00:43:33]} {[%emt 00:00:56]} 53. h3 {[%clk 00:06:49]} {[%emt 00:01:09]}
Kf6 {[%clk 00:43:15]} {[%emt 00:00:46]} 54. Re8 {[%clk 00:05:49]} {[%emt
00:01:32]} Re7 {[%clk 00:42:56]} {[%emt 00:00:47]} 55. Rf8+ {[%clk 00:04:43]}
{[%emt 00:01:37]} Rf7 {[%clk 00:43:05]} {[%emt 00:00:21]} 56. Rh8 {[%clk
00:04:43]} {[%emt 00:00:31]} h5 {[%clk 00:43:19]} {[%emt 00:00:16]} 57. h4
{[%clk 00:04:00]} {[%emt 00:01:13]} Rd7 {[%clk 00:43:30]} {[%emt 00:00:17]} 58.
Re8 {[%clk 00:03:52]} {[%emt 00:00:40]} Rd3 {[%clk 00:43:30]} {[%emt 00:00:28]}
59. Kf2 {[%clk 00:04:06]} {[%emt 00:00:17]} Rd2+ {[%clk 00:43:45]} {[%emt
00:00:15]} 60. Kf1 {[%clk 00:04:25]} {[%emt 00:00:12]} Rd1+ {[%clk 00:43:53]}
{[%emt 00:00:22]} 61. Kf2 {[%clk 00:04:40]} {[%emt 00:00:14]} Kf7 {[%clk
00:43:35]} {[%emt 00:00:48]} 62. Re5 {[%clk 00:05:08]} {[%emt 00:00:02]} Rd3
{[%clk 00:43:42]} {[%emt 00:00:23]} 63. Ke2 {[%clk 00:04:59]} {[%emt 00:00:40]}
Rg3 {[%clk 00:43:41]} {[%emt 00:00:27]} 64. Kf2 {[%clk 00:05:28]} {[%emt
00:00:05]} Rb3 {[%clk 00:43:58]} {[%emt 00:00:11]} 65. g3 {[%clk 00:05:06]}
{[%emt 00:00:54]} Rb2+ {[%clk 00:43:58]} {[%emt 00:00:30]} 66. Kf1 {[%clk
00:04:58]} {[%emt 00:00:39]} Kf6 {[%clk 00:44:17]} {[%emt 00:00:09]} 67. Re8
{[%clk 00:04:52]} {[%emt 00:00:37]} Rc2 {[%clk 00:44:18]} {[%emt 00:00:26]} 68.
Kg1 {[%clk 00:05:16]} {[%emt 00:00:09]} Rc5 {[%clk 00:44:14]} {[%emt 00:00:32]}
69. Kf1 {[%clk 00:05:37]} {[%emt 00:00:10]} Kf7 {[%clk 00:44:36]} {[%emt
00:00:09]} 70. Ra8 {[%clk 00:05:02]} {[%emt 00:01:05]} Rc3 {[%clk 00:44:51]}
{[%emt 00:00:14]} 71. Kf2 {[%clk 00:05:03]} {[%emt 00:00:30]} Rc2+ {[%clk
00:45:05]} {[%emt 00:00:16]} 72. Kf1 {[%clk 00:04:56]} {[%emt 00:00:37]} Rc6
{[%clk 00:44:05]} {[%emt 00:01:29]} 73. Ra5 {[%clk 00:04:32]} {[%emt 00:00:54]}
Re6 {[%clk 00:44:10]} {[%emt 00:00:25]} 74. Ke2 {[%clk 00:04:48]} {[%emt
00:00:15]} Ke7 {[%clk 00:44:09]} {[%emt 00:00:28]} 75. Ke3 {[%clk 00:04:32]}
{[%emt 00:00:49]} Rd6 {[%clk 00:44:22]} {[%emt 00:00:17]} 76. Re5+ {[%clk
00:04:16]} {[%emt 00:00:47]} Re6 {[%clk 00:44:31]} {[%emt 00:00:20]} 77. Ra5
{[%clk 00:03:30]} {[%emt 00:01:16]} 1/2-1/2

[Event "DVM U16w 2023"]
[Site "Magdeburg GER"]
[Date "2023.12.30"]
[Round "7"]
[White "Hergenröder, Cora"]
[Black "Czäczine, Paula"]
[Result "0-1"]
[Termination "normal"]
[Board "3.2"]
[WhiteElo "1500"]
[BlackElo "1581"]
[WhiteClock "00:11:05"]
[BlackClock "00:13:56"]
[WhiteTeam "ATSV Oberkotzau"]
[BlackTeam "Chemnitzer SC Aufbau95"]
[PlyCount "98"]
[WhiteFideId "34603700"]
[BlackFideId "16249305"]
[EventCountry "GER"]
[EventRounds "7"]
[EventType "team-swiss"]
[EventDate "2023.12.26"]

1. d4 {[%clk 01:30:58]} {[%emt 00:00:02]} d5 {[%clk 01:30:55]} {[%emt
00:00:06]} 2. c4 {[%clk 01:31:23]} {[%emt 00:00:05]} dxc4 {[%clk 01:31:21]}
{[%emt 00:00:04]} 3. Nf3 {[%clk 01:31:24]} {[%emt 00:00:29]} c5 {[%clk
01:31:33]} {[%emt 00:00:18]} 4. e3 {[%clk 01:31:32]} {[%emt 00:00:22]} Nf6
{[%clk 01:31:43]} {[%emt 00:00:20]} 5. Bxc4 {[%clk 01:30:51]} {[%emt 00:01:11]}
a6 {[%clk 01:32:05]} {[%emt 00:00:08]} 6. O-O {[%clk 01:27:43]} {[%emt
00:03:37]} e6 {[%clk 01:32:29]} {[%emt 00:00:07]} 7. dxc5 {[%clk 01:26:42]}
{[%emt 00:01:31]} Bxc5 {[%clk 01:31:44]} {[%emt 00:01:14]} 8. Qxd8+ {[%clk
01:26:58]} {[%emt 00:00:14]} Kxd8 {[%clk 01:32:10]} {[%emt 00:00:04]} 9. Rd1+
{[%clk 01:24:21]} {[%emt 00:03:07]} Ke7 {[%clk 01:32:20]} {[%emt 00:00:20]} 10.
a3 {[%clk 01:22:49]} {[%emt 00:02:02]} b5 {[%clk 01:27:32]} {[%emt 00:05:18]}
11. Be2 {[%clk 01:22:14]} {[%emt 00:01:06]} Bb7 {[%clk 01:26:28]} {[%emt
00:01:33]} 12. b4 {[%clk 01:20:19]} {[%emt 00:02:26]} Ba7 {[%clk 01:26:22]}
{[%emt 00:00:36]} 13. Bb2 {[%clk 01:19:03]} {[%emt 00:01:45]} Nbd7 {[%clk
01:25:27]} {[%emt 00:01:25]} 14. Nbd2 {[%clk 01:15:48]} {[%emt 00:03:45]} Nb6
{[%clk 01:18:01]} {[%emt 00:07:56]} 15. Rac1 {[%clk 01:10:17]} {[%emt
00:06:01]} Rac8 {[%clk 01:09:47]} {[%emt 00:08:45]} 16. Rxc8 {[%clk 01:02:39]}
{[%emt 00:08:08]} Rxc8 {[%clk 01:09:37]} {[%emt 00:00:40]} 17. Rc1 {[%clk
01:02:05]} {[%emt 00:01:04]} Rxc1+ {[%clk 01:07:04]} {[%emt 00:03:02]} 18. Bxc1
{[%clk 01:02:29]} {[%emt 00:00:06]} Na4 {[%clk 01:02:32]} {[%emt 00:05:02]} 19.
Ne5 {[%clk 00:47:30]} {[%emt 00:15:29]} Nd7 {[%clk 00:49:26]} {[%emt 00:13:36]}
20. Nd3 {[%clk 00:33:45]} {[%emt 00:14:15]} Nc3 {[%clk 00:46:49]} {[%emt
00:03:07]} 21. Bf1 {[%clk 00:33:31]} {[%emt 00:00:43]} Nf6 {[%clk 00:26:19]}
{[%emt 00:21:00]} 22. Nb3 {[%clk 00:19:17]} {[%emt 00:14:45]} Nce4 {[%clk
00:20:34]} {[%emt 00:06:15]} 23. Be2 {[%clk 00:14:01]} {[%emt 00:05:46]} Nc3
{[%clk 00:19:03]} {[%emt 00:02:00]} 24. Bf1 {[%clk 00:14:19]} {[%emt 00:00:13]}
Nfd5 {[%clk 00:16:22]} {[%emt 00:03:11]} 25. Na5 {[%clk 00:10:15]} {[%emt
00:04:35]} Ba8 {[%clk 00:15:28]} {[%emt 00:01:23]} 26. Nb3 {[%clk 00:05:42]}
{[%emt 00:05:03]} Bb7 {[%clk 00:11:27]} {[%emt 00:04:30]} 27. Ndc5 {[%clk
00:04:03]} {[%emt 00:02:10]} Bc8 {[%clk 00:10:47]} {[%emt 00:01:10]} 28. Bb2
{[%clk 00:04:29]} {[%emt 00:00:04]} f5 {[%clk 00:09:19]} {[%emt 00:01:58]} 29.
Kh1 {[%clk 00:02:40]} {[%emt 00:02:19]} Nd1 {[%clk 00:06:38]} {[%emt 00:03:11]}
30. Bxg7 {[%clk 00:02:20]} {[%emt 00:00:50]} Nxf2+ {[%clk 00:06:54]} {[%emt
00:00:15]} 31. Kg1 {[%clk 00:02:43]} {[%emt 00:00:06]} Ng4 {[%clk 00:05:40]}
{[%emt 00:01:44]} 32. Bd4 {[%clk 00:02:28]} {[%emt 00:00:46]} e5 {[%clk
00:05:27]} {[%emt 00:00:42]} 33. Bb2 {[%clk 00:02:15]} {[%emt 00:00:43]} e4
{[%clk 00:03:26]} {[%emt 00:02:32]} 34. Bd4 {[%clk 00:01:46]} {[%emt 00:00:58]}
Ngxe3 {[%clk 00:03:07]} {[%emt 00:00:49]} 35. Na5 {[%clk 00:01:49]} {[%emt
00:00:27]} Bxc5 {[%clk 00:01:53]} {[%emt 00:01:44]} 36. Bxc5+ {[%clk 00:01:55]}
{[%emt 00:00:24]} Ke6 {[%clk 00:02:08]} {[%emt 00:00:15]} 37. Bd4 {[%clk
00:01:53]} {[%emt 00:00:31]} Nc2 {[%clk 00:01:31]} {[%emt 00:01:09]} 38. Bb2
{[%clk 00:02:08]} {[%emt 00:00:15]} f4 {[%clk 00:01:10]} {[%emt 00:00:51]} 39.
Be2 {[%clk 00:02:20]} {[%emt 00:00:17]} Kf5 {[%clk 00:01:12]} {[%emt 00:00:28]}
40. Nb3 {[%clk 00:01:24]} {[%emt 00:01:26]} Nde3 {[%clk 00:00:55]} {[%emt
00:00:46]} 41. Nd4+ {[%clk 00:26:34]} {[%emt 00:05:21]} Nxd4 {[%clk 00:30:00]}
{[%emt 00:01:26]} 42. Bxd4 {[%clk 00:26:58]} {[%emt 00:00:05]} Nc2 {[%clk
00:26:11]} {[%emt 00:04:19]} 43. Bb2 {[%clk 00:26:59]} {[%emt 00:00:28]} Be6
{[%clk 00:24:53]} {[%emt 00:01:49]} 44. Kf2 {[%clk 00:20:33]} {[%emt 00:06:55]}
e3+ {[%clk 00:16:05]} {[%emt 00:09:19]} 45. Kf1 {[%clk 00:18:52]} {[%emt
00:02:10]} Bc4 {[%clk 00:15:22]} {[%emt 00:01:14]} 46. Bxc4 {[%clk 00:17:16]}
{[%emt 00:02:06]} bxc4 {[%clk 00:15:44]} {[%emt 00:00:09]} 47. Bc1 {[%clk
00:10:57]} {[%emt 00:06:49]} Ke4 {[%clk 00:14:18]} {[%emt 00:01:55]} 48. Ke2
{[%clk 00:11:09]} {[%emt 00:00:18]} Nd4+ {[%clk 00:13:56]} {[%emt 00:00:52]}
49. Kd1 {[%clk 00:11:05]} {[%emt 00:00:34]} Kd3 {[%emt 00:02:53]} 0-1